[Event "WY BU14 2012"]
[Site "Maribor SLO"]
[Date "2012.11.15"]
[Round "8.37"]
[White "Hoang,Harry"]
[Black "Stremavicius,T"]
[Result "0-1"]
[WhiteElo "1919"]
[BlackElo "2204"]

1.e4 c5 2.Nf3 Nc6 3.d4 cxd4 4.Nxd4 Nf6 5.Nc3 d6 6.Bg5 Bd7 7.Qd2 Rc8 8.O-O-O Nxd4
9.Qxd4 Qa5 10.f4 Rxc3 11.bxc3 e5 12.Qc4 d5 13.Rxd5 Nxd5 14.Qxd5 Qxd5 15.exd5 f6
16.Bh4 exf4 17.Bc4 Bc5 18.Rf1 Be3+ 19.Kd1 Ke7 20.Bf2 Kd6 21.Bxe3 fxe3 22.Ke2 Rc8
23.Bd3 Rxc3 24.Rb1 b6 25.Kxe3 Kxd5 26.Rb3 Rxb3 27.cxb3 h6 28.h3 f5 29.Bc4+ Ke5
30.g3 g5 31.Kf3 Bc6+ 32.Kf2 f4 33.Be2 Bd5 34.h4 gxh4 35.gxh4 Kd4 36.h5 Ke5
37.Bd1 Kf5 38.Bc2+ Be4 39.Bd1 Kg5 40.b4 Bd5 41.a4 a5 42.bxa5 bxa5 43.Ke2 Kh4
44.Kd3 Kg3 45.Kd4 Bf3 46.Bb3 Be2 47.Ke4 Bxh5 48.Kf5  0-1

[Event "WY BU16 2012"]
[Site "Maribor SLO"]
[Date "2012.11.16"]
[Round "9.11"]
[White "Reshef,O"]
[Black "Georgiadis,N"]
[Result "1/2-1/2"]
[WhiteElo "2228"]
[BlackElo "2388"]

1.e4 c5 2.Nf3 d6 3.d4 cxd4 4.Nxd4 Nf6 5.Nc3 Nc6 6.Bg5 e6 7.g3 Be7 8.Bg2 O-O
9.O-O Bd7 10.Ndb5 Nxe4 11.Bxe7 Nxc3 12.Bxd8 Nxd1 13.Rfxd1 Nxd8 14.Nxd6 Bc6
15.Bxc6 Nxc6 16.Nxb7 Rab8 17.Rd7 Rfc8 18.Nd6 Rd8 19.Rxd8+ Rxd8 20.Nc4 g5
21.c3 Kf8 22.Kf1 Ke7 23.Ke2 Rc8 24.Rd1 h5 25.b3 Nb8 26.Rd4 Nd7 27.Kd2 g4
28.f4 gxf3 29.Rf4 f5 30.Rxf3 Nc5 31.Kc2 h4 32.b4 Nd7 33.Ne3 Ne5 34.Rf4 hxg3
35.hxg3 Rg8 36.Nxf5+ exf5 37.Rxf5 Ke6 38.Rh5 Rxg3 39.Rh7 Nf7 40.Kb3 Rf3 41.Rh5 Ne5
42.Rh7 Nd7 43.a4 Kd6 44.a5 a6 45.Rh8 Nf6 46.Rf8 Ke7 47.Rc8 Ne4 48.Rc6 Kd7
49.Rxa6 Rxc3+ 50.Ka4 Nd6 51.Ra7+ Kc6 52.Rh7  1/2-1/2

[Event "WY GU18 2012"]
[Site "Maribor SLO"]
[Date "2012.11.16"]
[Round "9.30"]
[White "Hapala,L"]
[Black "Stepanyan,Astghik"]
[Result "1/2-1/2"]
[WhiteElo "2025"]
[BlackElo "1799"]

1.e4 c5 2.Nf3 d6 3.d4 cxd4 4.Nxd4 Nf6 5.Nc3 Nc6 6.Bg5 e6 7.Qd2 a6 8.O-O-O Bd7
9.f4 b5 10.Bxf6 gxf6 11.Nxc6 Bxc6 12.Qe3 Be7 13.f5 Qc7 14.Kb1 Rc8 15.Bd3 Qb7
16.Rhe1 a5 17.Ne2 e5 18.Ng3 h5 19.Qe2 h4 20.Nf1 Kd7 21.Ne3 Rb8 22.Nf1 Bf8  1/2-1/2

[Event "WY BU16 2012"]
[Site "Maribor SLO"]
[Date "2012.11.16"]
[Round "9.39"]
[White "Lekic,L"]
[Black "Yuksel,A"]
[Result "0-1"]
[WhiteElo "2062"]
[BlackElo "1984"]

1.e4 c5 2.Nf3 Nc6 3.d4 cxd4 4.Nxd4 Nf6 5.Nc3 d6 6.Bg5 e6 7.Qd2 Be7 8.O-O-O O-O
9.f4 Nxd4 10.Qxd4 Qa5 11.Bc4 Bd7 12.e5 dxe5 13.Qxe5 Qb4 14.Rd4 Bc6 15.Rhd1 Qc5
16.Bxf6 gxf6 17.Qe2 f5 18.R4d3 Bf6 19.Rh3 Bg7 20.g4 Rad8 21.g5 Rxd1+ 22.Nxd1 Rd8
23.Bd3 Qd4 24.Qf1 b5 25.Qf2 Qxf2 26.Nxf2 Rd4 27.Rh4 Be5 28.Nh3 Bc7 29.Kd2 b4
30.c3 bxc3+ 31.Kxc3 Ra4 32.a3 Ba5+ 33.Kc2 Be1 34.Rh6 Bd5 35.Kd1 Ba5 36.Ke2 Bb6
37.Bc2 Rd4 38.Rh4 Be4 39.Bxe4 Rxe4+ 40.Kd2 e5 41.Kd3 exf4 42.Nxf4 Bf2  0-1

[Event "WY BU14 2012"]
[Site "Maribor SLO"]
[Date "2012.11.17"]
[Round "10.39"]
[White "Latib,Tameez"]
[Black "Stremavicius,T"]
[Result "0-1"]
[WhiteElo "1861"]
[BlackElo "2204"]

1.e4 c5 2.Nf3 Nc6 3.d4 cxd4 4.Nxd4 Nf6 5.Nc3 d6 6.Bg5 Bd7 7.Be2 Qa5 8.Bxf6 gxf6
9.Nb3 Qg5 10.g3 f5 11.f4 Qg6 12.Bh5 Qe6 13.Qd5 Bg7 14.Nb5 Rc8 15.Qxe6 Bxe6
16.exf5 Bxf5 17.O-O-O a6 18.Na3 Nb4 19.c3 Nd3+ 20.Rxd3 Bxd3 21.Bf3 Rc7 22.Kd2 Bf5
23.Na5 b6 24.N5c4 b5 25.Ne3 Bc8 26.Nac2 e6 27.Ra1 Bd7 28.Rd1 Bc6 29.Ke2 Bxf3+
30.Kxf3 d5 31.Nd4 O-O 32.Nec2 Rb7 33.Nb3 Ra8 34.Na5 Rc7 35.Rd3 Bf8 36.a3 Bc5
37.Na1 Bb6 38.N1b3 Rd8 39.h3 h5 40.Rd2 Kf8 41.Rd3 Ke7 42.Rd2 f6 43.g4 e5
44.fxe5 fxe5 45.gxh5 Rf8+ 46.Kg4 Rg8+ 47.Kh4 Kd6 48.h6 Rf7 49.Kh5 Rf5+ 50.Kh4 Bd8+  0-1

[Event "WY BU16 2012"]
[Site "Maribor SLO"]
[Date "2012.11.17"]
[Round "10.34"]
[White "Yuksel,A"]
[Black "Monjac,M"]
[Result "1/2-1/2"]
[WhiteElo "1984"]
[BlackElo "2103"]

1.e4 c5 2.Nf3 d6 3.d4 cxd4 4.Nxd4 Nf6 5.Nc3 Nc6 6.Bg5 Bd7 7.Bb5 a6 8.Nxc6 bxc6
9.Bc4 Qa5 10.Qd2 h6 11.Bh4 Rb8 12.Bb3 e6 13.O-O Be7 14.Rad1 g5 15.Bg3 e5
16.Nd5 Qxd2 17.Nxf6+ Bxf6 18.Rxd2 Be7 19.Rfd1 Be6 20.Bxe6 fxe6 21.c4 c5 22.f3 Rb6
23.Rc2 Kf7 24.Be1 Rhb8 25.b3 Rc6 26.Ba5 Bd8 27.Bc3 a5 28.Rb2 Bc7 29.a4 Ke7
30.Kf2 Ra6 31.Rd3  1/2-1/2

[Event "Plzen Open 2012"]
[Site "Plzen CZE"]
[Date "2012.11.20"]
[Round "3"]
[White "Sarkoezy,B"]
[Black "Ivanov,MM"]
[Result "0-1"]
[WhiteElo "2090"]
[BlackElo "2381"]

1.e4 c5 2.Nf3 Nc6 3.d4 cxd4 4.Nxd4 Nf6 5.Nc3 d6 6.Bg5 e6 7.Qd2 a6 8.f3 h6
9.Be3 Be7 10.O-O-O Nxd4 11.Qxd4 b5 12.Qd2 Bd7 13.g4 b4 14.Ne2 a5 15.Nd4 Qb8
16.h4 a4 17.Bd3 b3 18.cxb3 e5 19.Ne2 d5 20.exd5 Bb4 21.Nc3 axb3 22.a3 Bxc3
23.Qxc3 Nxd5 24.Qd2 Nxe3 25.Qxe3 O-O 26.Kb1 Bc6 27.g5 h5 28.g6 fxg6 29.Qg5 Rf6
30.Bxg6 Bxf3 31.Rhg1 Qf8 32.Rde1 Bg4 33.Rxe5 Rf1+ 34.Re1 Bf5+ 35.Kc1 Qc5+  0-1

[Event "22nd World Seniors Open"]
[Site "Kamena Vourla GRE"]
[Date "2012.11.21"]
[Round "8.13"]
[White "Beltz,Robert"]
[Black "Filipenko,A"]
[Result "0-1"]
[WhiteElo "2105"]
[BlackElo "2321"]

1.e4 c5 2.Nf3 d6 3.d4 cxd4 4.Nxd4 Nf6 5.Nc3 Nc6 6.Bg5 e6 7.Qd2 a6 8.O-O-O Be7
9.f4 Nxd4 10.Qxd4 b5 11.Be2 Bb7 12.Bf3 Rc8 13.Kb1 O-O 14.e5 Bxf3 15.gxf3 dxe5
16.fxe5 Nd5 17.Bxe7 Nxc3+ 18.Qxc3 Qxe7 19.Qe3 Qc5 20.Qe4 Rfd8 21.c3 g6 22.Rd4 Rxd4
23.Qxd4 Qxd4 24.cxd4 Rc4 25.Rd1 Kg7 26.Rd3 g5 27.b3 Rc6 28.Kb2 Kg6 29.Rc3 Rxc3
30.Kxc3 Kf5 31.a4 bxa4 32.bxa4 Kf4 33.d5 Kxe5 34.dxe6 Kxe6 35.Kc4 Ke5 36.Kd3 Kf4
37.Ke2 h5 38.Kf2 Ke5 39.Kg3 Kd4 40.Kf2 Kc4  0-1

[Event "2nd UNAM Open Section I 2012"]
[Site "Mexico City MEX"]
[Date "2012.11.21"]
[Round "1.6"]
[White "Quesada Perez,Yu"]
[Black "Real Pereyra,D"]
[Result "1-0"]
[WhiteElo "2604"]
[BlackElo "2077"]

1.e4 c5 2.Nf3 d6 3.d4 cxd4 4.Nxd4 Nf6 5.Nc3 Nc6 6.Bg5 Bd7 7.Qd2 Rc8 8.f4 Nxd4
9.Qxd4 Qa5 10.e5 dxe5 11.fxe5 e6 12.O-O-O Rxc3 13.Bd2 Bc5 14.Bxc3 Bxd4 15.Bxa5 Bxe5
16.Bb5 Nd5 17.Rhe1 Bxb5 18.Rxe5 O-O 19.b3 Bc6 20.c4 Nf4 21.g3 Ng6 22.Re3 e5
23.Red3 f5 24.Rd8 Rxd8 25.Rxd8+ Kf7 26.Rc8 f4 27.gxf4 Nxf4 28.Bc3 Ng6 29.b4 a6
30.a4 Ke6 31.b5 axb5 32.axb5 Bg2 33.Rc7 Kf6 34.c5 Nf4 35.c6 b6 36.Rd7 Ne6
37.c7  1-0

[Event "22nd World Seniors Open"]
[Site "Kamena Vourla GRE"]
[Date "2012.11.24"]
[Round "11.30"]
[White "Batakovs,O"]
[Black "Voon,R"]
[Result "1-0"]
[WhiteElo "2109"]
[BlackElo "1949"]

1.e4 c5 2.Nf3 Nc6 3.d4 cxd4 4.Nxd4 Nf6 5.Nc3 d6 6.Bg5 e6 7.Qd2 Be7 8.O-O-O a6
9.Nxc6 bxc6 10.Bxf6 gxf6 11.Bc4 Qa5 12.Kb1 Rb8 13.Bb3 O-O 14.Nd5 Bd8 15.Ne7+ Kh8
16.Qxa5 Bxa5 17.Nxc6 Rb5 18.Nxa5 Rxa5 19.Rxd6 Bb7 20.f3 f5 21.Rb6 Bc8 22.exf5 Rxf5
23.Rb8 Rg8 24.Re1 Rc5 25.g3 Rd8 26.Kc1 Kg7 27.Rd1 Rg8 28.Rd4 Kf6 29.Rc4 Rxc4
30.Bxc4 Kg7 31.f4 h6 32.b4 h5 33.a4 f5 34.b5 axb5 35.axb5 h4 36.b6 hxg3 37.hxg3 Kf7
38.b7 Bxb7 39.Rxb7+ Kf6 40.Rb6 Rxg3 41.Rxe6+ Kg7 42.Re5  1-0

[Event "TCh-NED Meesterklasse 2012-13"]
[Site "Netherland NED"]
[Date "2012.11.24"]
[Round "4.1"]
[White "Berelowitsch,A"]
[Black "Hoeksema,E"]
[Result "1-0"]
[WhiteElo "2565"]
[BlackElo "2347"]

1.e4 c5 2.Nf3 d6 3.d4 cxd4 4.Nxd4 Nf6 5.Nc3 Nc6 6.Bg5 Qb6 7.Nb3 e6 8.Qd2 Be7
9.O-O-O O-O 10.f3 a6 11.Kb1 Rd8 12.Be3 Qc7 13.Qf2 Nd7 14.g4 b5 15.g5 b4 16.Ne2 Nce5
17.Ned4 Bb7 18.h4 d5 19.g6 Nxg6 20.h5 Nf4 21.e5 Qxe5 22.Na5 Qc7 23.Nxb7 Qxb7
24.Bxf4 Bf6 25.Be3 e5 26.Nf5 d4 27.Bc1 Nc5 28.Rg1 Na4 29.Bc4 Qc8 30.Nh6+ Kf8
31.Bb3 Nc5 32.Ng4  1-0

[Event "XXVI Belgrade Trophy 2012"]
[Site "Belgrade SRB"]
[Date "2012.11.25"]
[Round "2.11"]
[White "Vucinic,G"]
[Black "Cabrilo,G"]
[Result "0-1"]
[WhiteElo "2212"]
[BlackElo "2442"]

1.e4 c5 2.Nf3 d6 3.d4 cxd4 4.Nxd4 Nf6 5.Nc3 Nc6 6.Bg5 e6 7.Qd2 Be7 8.O-O-O O-O
9.f4 a6 10.Kb1 Qc7 11.Nxc6 bxc6 12.Bxf6 gxf6 13.f5 Kh8 14.Qh6 Rg8 15.Rd3 exf5
16.Rh3 Rg7 17.exf5 Bxf5 18.Rf3 Be6 19.Bd3 Qa5 20.a3 Qg5 21.Qxg5 Rxg5 22.g3 d5
23.Rf4 c5 24.Re1 Re5 25.Rd1 d4 26.Ne4 Rb8 27.Bxa6 c4 28.Rxd4 Bxa3 29.Bxc4 Bxb2
30.Rd8+ Rxd8 31.Bxe6 Rb5 32.c4 Rbb8 33.Bxf7 Be5+ 34.Kc2 Rb2+ 35.Kc1 Ra8  0-1

[Event "62nd ch-GRE 2012"]
[Site "Athens GRE"]
[Date "2012.11.29"]
[Round "6"]
[White "Filippas,S"]
[Black "Moutousis,K"]
[Result "0-1"]
[WhiteElo "2310"]
[BlackElo "2426"]

1.e4 c5 2.Nf3 d6 3.d4 cxd4 4.Nxd4 Nf6 5.Nc3 Nc6 6.Bg5 e6 7.Qd2 a6 8.O-O-O Bd7
9.f4 b5 10.Bxf6 gxf6 11.Kb1 Qb6 12.Nce2 h5 13.f5 Nxd4 14.Nxd4 e5 15.Ne2 b4
16.h4 Ke7 17.Rh3 Bh6 18.Qe1 Rhc8 19.Nc1 a5 20.Nd3 Qc7 21.Qf2 Bc6 22.Re1 Qb7
23.Qf3 Rh8 24.Nf2 d5 25.exd5 Bxd5 26.Ne4 Bd2 27.Qf2 Bxe4 28.Qc5+ Kd8 29.Rd1 Qe7
30.Rxd2+ Ke8 31.Qb5+ Kf8 32.b3 Bxf5 33.Rf3 Bg4 34.Rfd3 Kg7 35.Be2 Rhb8 36.Qc4 Rc8
37.Qe4 f5 38.Rd7 fxe4 39.Rxe7 e3  0-1

[Event "ch-IRI 2012"]
[Site "Zahedan IRI"]
[Date "2012.12.08"]
[Round "2.2"]
[White "Asgari,M"]
[Black "Darini,P"]
[Result "1/2-1/2"]
[WhiteElo "2300"]
[BlackElo "2522"]

1.e4 c5 2.Nf3 d6 3.d4 cxd4 4.Nxd4 Nf6 5.Nc3 Nc6 6.Bg5 Bd7 7.Qd2 Rc8 8.O-O-O Nxd4
9.Qxd4 Qa5 10.f4 h6 11.Bh4 g5 12.e5 gxh4 13.exf6 e6 14.Kb1 Qc5 15.Qd3 Kd8
16.Be2 Kc7  1/2-1/2

[Event "ch-IRI 2012"]
[Site "Zahedan IRI"]
[Date "2012.12.08"]
[Round "3.3"]
[White "Asgarizadeh,A"]
[Black "Ghaem Maghami,E"]
[Result "0-1"]
[WhiteElo "2171"]
[BlackElo "2572"]

1.e4 c5 2.Nf3 d6 3.d4 cxd4 4.Nxd4 Nf6 5.Nc3 Nc6 6.Bg5 Bd7 7.Qd2 a6 8.f3 e6
9.O-O-O Be7 10.h4 Rc8 11.Kb1 h6 12.Be3 h5 13.Bd3 Ne5 14.Nce2 Qc7 15.Bg5 b5
16.c3 Qb7 17.Rhe1 Rb8 18.Nc1 O-O 19.f4 Nxd3 20.Qxd3 Rfe8 21.Ncb3 Qc7 22.Nc2 d5
23.Bxf6 Bxf6 24.g3 b4 25.c4 a5 26.cxd5 a4 27.d6 Qa7 28.Nd2 b3 29.axb3 axb3
30.Na3 Bb5 31.Ndc4 Bxc4 32.Qxc4 Rec8 33.Qd3 Bxb2 34.Kxb2 Rc2+ 35.Nxc2 bxc2+
36.Kc1 Rb1+ 37.Kd2 cxd1=Q+ 38.Rxd1 Qf2+  0-1

[Event "4th London Classic Open"]
[Site "London ENG"]
[Date "2012.12.09"]
[Round "9"]
[White "Cannon,Ra"]
[Black "Burnham,Frank D"]
[Result "1-0"]
[WhiteElo "1998"]
[BlackElo "1792"]

1.e4 c5 2.Nf3 d6 3.Nc3 Nc6 4.d4 cxd4 5.Nxd4 Nf6 6.Bg5 e6 7.Qd2 h6 8.Bxf6 Qxf6
9.Ndb5 Kd7 10.O-O-O e5 11.Nd5 Qg5 12.Ne3 Nd4 13.Nxd4 exd4 14.Qxd4 a6 15.e5 b5
16.f4 Qd8 17.Qd5 Rb8 18.Qxf7+ Kc6 19.Be2 g5 20.Bf3+ Kc5 21.f5 g4 22.Qd5+ Kb6
23.Qd4+ Kc7 24.Nd5+ Kc6 25.Nb4+ Kc7 26.Be4 Qg5+ 27.Kb1 Bxf5 28.exd6+ Kd7
29.Qa7+ Ke6 30.Bxf5+ Qxf5 31.Qxb8 Bg7 32.Rhe1+ Be5 33.Qxh8  1-0

[Event "4th London Classic Open"]
[Site "London ENG"]
[Date "2012.12.09"]
[Round "9"]
[White "Semprun Martinez,F"]
[Black "Dukaczewski,P"]
[Result "1-0"]
[WhiteElo "2183"]
[BlackElo "2274"]

1.e4 c5 2.Nf3 Nc6 3.d4 cxd4 4.Nxd4 Nf6 5.Nc3 d6 6.Bg5 e6 7.Qd2 a6 8.O-O-O Bd7
9.f4 b5 10.Nxc6 Bxc6 11.Qe3 Be7 12.e5 Nd5 13.Nxd5 Bxg5 14.exd6 Bxd5 15.Rxd5 Bxf4
16.Qxf4 exd5 17.Qe5+ Kf8 18.Qxd5 Ra7 19.Be2 h6 20.Kb1 g6 21.Qd4  1-0

[Event "III ITT JAHV McGREGOR"]
[Site "Bogota COL"]
[Date "2012.12.12"]
[Round "2.2"]
[White "Ortiz Suarez,I"]
[Black "Martinez Romero,M"]
[Result "1/2-1/2"]
[WhiteElo "2603"]
[BlackElo "2382"]

1.e4 c5 2.Nf3 d6 3.d4 cxd4 4.Nxd4 Nf6 5.Nc3 Nc6 6.Bg5 e6 7.Qd2 a6 8.O-O-O h6
9.Bf4 Bd7 10.Nxc6 Bxc6 11.f3 e5 12.Be3 b5 13.g4 Qb8 14.h4 b4 15.Nd5 Nxd5
16.exd5 Bd7 17.f4 Bxg4 18.Be2 Bxe2 19.Qxe2 Qb5 20.Qg2 O-O-O 21.h5 exf4 22.Bxf4 Qc4
23.Qg4+ Kb7 24.Kb1 g5 25.hxg6 fxg6 26.Qxg6 Qxf4 27.Rhf1 Qh4 28.Rf7+ Be7 29.Qe6 Rhe8
30.Re1 Kb6 31.Qe3+ Kb7 32.a4 Rc8 33.Rf4 Bg5 34.Rf7+ Re7 35.Rxe7+ Bxe7 36.Qxe7+ Qxe7
37.Rxe7+ Rc7 38.Re6 Rh7 39.a5 h5 40.Re4 h4 41.Rxb4+ Kc7 42.Rf4 h3 43.Rf1 h2
44.Rh1 Kd7 45.b4 Ke7 46.Kb2 Kf6 47.b5 axb5 48.Kb3 Ke5 49.Kb4 Kxd5 50.Kxb5 Ke4
51.a6 Kf3 52.a7 Rxa7 53.Rxh2 Rc7 54.c4 Ke4 55.Rd2 Ke5 56.Rd5+ Ke6 57.Rh5 Rc8
58.Rh4 Rb8+ 59.Kc6 Rc8+ 60.Kb7 Rc5 61.Kb6 Rc8 62.Rg4 Kd7  1/2-1/2

[Event "III ITT JAHV McGREGOR"]
[Site "Bogota COL"]
[Date "2012.12.14"]
[Round "4.47"]
[White "Sanchez Sandoval,Gonzalo"]
[Black "Prado,Leonardo"]
[Result "0-1"]
[WhiteElo "2068"]
[BlackElo "1888"]

1.e4 c5 2.Nf3 d6 3.d4 cxd4 4.Nxd4 Nf6 5.Nc3 Nc6 6.Bg5 e6 7.Qd3 a6 8.Be2 Bd7
9.Rd1 h6 10.Bc1 Rc8 11.O-O Qc7 12.Qg3 b5 13.a3 Qb7 14.Bf3 Ne5 15.Rfe1 a5
16.Bf4 Qb8 17.Rd2 Nc4 18.Rde2 e5 19.Nf5 exf4 20.Nxg7+ Kd8 21.Qh4 Bxg7 22.Nd5 Ne5
23.Bh5 Ng6 24.Bxg6 fxg6 25.e5 dxe5 26.Nxf6 g5 27.Rd2 Bxf6 28.Qg4 Qb7 29.Red1 Rc7
30.Qe6 Rf8 31.Qd6 Ke8 32.a4 Qc6 33.Qd3 e4 34.Re1 Kf7 35.Rxe4 Bf5 36.Qb3+ Kg6
37.Ree2 bxa4 38.Qa3 Re8 39.Kf1 Qb5 40.Qa2 Rxc2  0-1

[Event "III ITT JAHV McGREGOR"]
[Site "Bogota COL"]
[Date "2012.12.14"]
[Round "5.24"]
[White "Principe,A"]
[Black "Univio Sanchez,G"]
[Result "1-0"]
[WhiteElo "2262"]
[BlackElo "2053"]

1.e4 c5 2.Nf3 d6 3.d4 cxd4 4.Nxd4 Nf6 5.Nc3 Nc6 6.Bg5 Qa5 7.Bxf6 gxf6 8.Be2 Bg7
9.Nb3 Qg5 10.Nd5 O-O 11.O-O Qe5 12.f4 Qxb2 13.a3 f5 14.exf5 Bxf5 15.Bd3 Bxd3
16.Qxd3 Bh6 17.Rf3 e6 18.Rg3+ Bg7 19.Nc3 Nb4 20.Qd4 e5 21.Qxb4 Qxc2 22.Nd5 Kh8
23.f5 Qxf5 24.Rf1 Qh5 25.Rh3 Qg5 26.Rg3 Qh5 27.Na5 f5 28.Qxb7 Qf7 29.Rxf5 Qxb7
30.Rxf8+ Bxf8 31.Nxb7 Rb8 32.Rb3 Kg7 33.a4 Kf7 34.a5 Ke6 35.Nc5+ dxc5 36.Rxb8 Bd6
37.Rb7 Kxd5 38.Rxa7 c4 39.Kf1 c3 40.Ke2 e4 41.Rd7 Kc6 42.a6 c2 43.Kd2 c1=Q+
44.Kxc1 Kxd7 45.a7  1-0

[Event "XXIV Carlos Torre Magistral 2012"]
[Site "Merida MEX"]
[Date "2012.12.15"]
[Round "3.3"]
[White "Abreu Delgado,A"]
[Black "Gonzalez Zamora,J"]
[Result "1/2-1/2"]
[WhiteElo "2462"]
[BlackElo "2534"]

1.e4 c5 2.Nf3 d6 3.d4 cxd4 4.Nxd4 Nf6 5.Nc3 Nc6 6.Bg5 e6 7.Qd2 a6 8.O-O-O h6
9.Bf4 Bd7 10.Nxc6 Bxc6 11.Bxd6 Bxd6 12.Qxd6 Qxd6 13.Rxd6 Bxe4 14.Rd2 Bc6
15.f3 Ke7 16.Ne2 b5 17.Nd4 Bd5 18.g3 g5 19.Bg2 h5 20.Re1 Rhg8 21.Nf5+ Kf8
22.Ne3 Bb7 23.f4 Bxg2 24.Nxg2 gxf4 25.Nxf4 Ke7 26.Nd3 Rac8 27.Ne5 Rg5 28.b4 Rf5
29.h3 Rc7 30.a3 Nd7 31.Nxd7 Rxd7 32.Rxd7+ Kxd7 33.Re3 e5 34.Kd2 Ke6 35.Rc3 Rf2+
36.Ke3 Rh2 37.Rc6+ Kd5 38.Rc5+ Kd6 39.h4 f5 40.Rc8 Rh3 41.Kf2 f4 42.gxf4 exf4
43.Rc5 Rxh4 44.Kf3 Rh3+ 45.Kxf4 Rxa3 46.Rxh5 Rc3 47.Ke4  1/2-1/2

[Event "Subotica IM 2012"]
[Site "Subotica SRB"]
[Date "2012.12.17"]
[Round "6.5"]
[White "Kumic,F"]
[Black "Stankovic,Milo"]
[Result "0-1"]
[WhiteElo "2206"]
[BlackElo "2359"]

1.e4 c5 2.Nf3 d6 3.d4 cxd4 4.Nxd4 Nf6 5.Nc3 Nc6 6.Bg5 g6 7.Be2 Bg7 8.Nb3 O-O
9.O-O a6 10.f4 Be6 11.Bf3 a5 12.a4 Nb4 13.Kh1 Rc8 14.Rf2 Qb6 15.Qg1 Nxc2
16.Rxc2 Qxg1+ 17.Kxg1 Bxb3 18.Rd2 Rc5 19.Re1 h6 20.Bh4 g5 21.Bf2 Rc4 22.e5 dxe5
23.fxe5 Ng4 24.Bg3 h5 25.h3 h4 26.hxg4 hxg3 27.Bd5 Rb4 28.Bxb3 Rxb3 29.Re4 Rc8
30.Kf1 e6 31.Ke2 Rc5 32.Rd8+ Kh7  0-1

[Event "19th Zadar Open A"]
[Site "Zadar CRO"]
[Date "2012.12.17"]
[Round "3.8"]
[White "Mazi,L"]
[Black "Martinovic,Sa"]
[Result "0-1"]
[WhiteElo "2351"]
[BlackElo "2530"]

1.e4 c5 2.Nf3 Nc6 3.d4 cxd4 4.Nxd4 Nf6 5.Nc3 d6 6.Bg5 e6 7.Qd2 a6 8.O-O-O Bd7
9.f4 b5 10.Bxf6 gxf6 11.Kb1 Qb6 12.Nxc6 Bxc6 13.Bd3 b4 14.Ne2 h5 15.Qe1 h4
16.Rf1 a5 17.Ng1 Qc5 18.Nf3 h3 19.g3 a4 20.Qf2 d5 21.exd5 Bxd5 22.Qe2 Be7
23.Bb5+ Kf8 24.Nd4 a3 25.Nb3 Qa7 26.Bc4 axb2 27.Nd2 b3  0-1

[Event "Subotica IM 2012"]
[Site "Subotica SRB"]
[Date "2012.12.18"]
[Round "7.1"]
[White "Stankovic,Milo"]
[Black "Pataki,G"]
[Result "1-0"]
[WhiteElo "2359"]
[BlackElo "2356"]

1.e4 c5 2.Nf3 Nc6 3.d4 cxd4 4.Nxd4 Nf6 5.Nc3 d6 6.Bg5 e6 7.Qd2 a6 8.O-O-O Be7
9.f4 Nxd4 10.Qxd4 b5 11.Bxf6 gxf6 12.e5 d5 13.Kb1 Bd7 14.f5 fxe5 15.Qxe5 Bf6
16.Qg3 Rc8 17.fxe6 fxe6 18.Be2 Qc7 19.Bh5+ Ke7 20.Nxd5+ exd5 21.Qf2 Qd6 22.Rhe1+ Be6
23.Bg4 Be5 24.Rxe5 Qxe5 25.Re1 Qxe1+ 26.Qxe1 Rc6 27.b3 Kd7 28.Qe5 Re8 29.Qxd5+ Kc7
30.Qe5+ Rd6 31.Qc5+ Rc6 32.Qa7+ Kd6 33.Qxh7 Bxg4 34.Qg6+ Re6 35.Qxg4 Kc5
36.h4 Rg6 37.Qf5+ Kb4 38.Kb2  1-0

[Event "19th Zadar Open A"]
[Site "Zadar CRO"]
[Date "2012.12.18"]
[Round "4.14"]
[White "Videnova,I"]
[Black "Biliskov,V"]
[Result "1-0"]
[WhiteElo "2336"]
[BlackElo "2332"]

1.e4 c5 2.Nf3 d6 3.d4 cxd4 4.Nxd4 Nf6 5.Nc3 Nc6 6.Bg5 e6 7.Qd2 Qb6 8.Bxf6 gxf6
9.Nb3 a6 10.f4 Bd7 11.O-O-O O-O-O 12.Be2 h5 13.Rhf1 Be7 14.Rf3 h4 15.Kb1 Kb8
16.a3 Rc8 17.Bf1 Na5 18.Nxa5 Qxa5 19.Rh3 f5 20.b4 Qc7 21.exf5 d5 22.Ne2 Bf6
23.Nd4 Bxd4 24.Qxd4 Qxc2+ 25.Ka1 Ba4 26.Rb1 Qc6 27.fxe6 fxe6 28.Re3 Rhe8
29.Rbe1 Bc2 30.Rc1 Qa4 31.Kb2 Bf5 32.Rec3 Rxc3 33.Rxc3 Qd7 34.Qe5+ Ka8 35.Rc7 Qa4
36.Qd4 Rb8 37.Be2 a5 38.Bd1 Qe8 39.Qb6 Bd3 40.Qxa5+ Ba6 41.Be2 Qh8+ 42.Kb1 Qd4
43.Bxa6 Qd1+ 44.Rc1 Qb3+ 45.Ka1 b6 46.Bc4+ bxa5 47.Bxb3 axb4 48.a4 Rg8 49.f5  1-0

[Event "ITT Cerrado LAB GM"]
[Site "Bogota COL"]
[Date "2012.12.19"]
[Round "4.3"]
[White "Ruiz C,J"]
[Black "Rivera,Alberto"]
[Result "1-0"]
[WhiteElo "2387"]
[BlackElo "2338"]

1.e4 c5 2.Nf3 Nf6 3.Nc3 Nc6 4.d4 cxd4 5.Nxd4 d6 6.Bg5 e6 7.Qd2 Be7 8.O-O-O a6
9.f3 O-O 10.g4 Nxd4 11.Qxd4 Qa5 12.Be3 b5 13.Kb1 Bb7 14.g5 Nd7 15.h4 Rac8
16.h5 b4 17.Ne2 d5 18.h6 e5 19.Qd2 d4 20.hxg7 Kxg7 21.Nxd4 exd4 22.Bxd4+ f6
23.gxf6+ Nxf6 24.Qh6+ Kf7 25.Bxf6  1-0

[Event "Groningen Open A"]
[Site "Groningen NED"]
[Date "2012.12.23"]
[Round "3.18"]
[White "De Jong,M"]
[Black "Bosker,Peter"]
[Result "0-1"]
[WhiteElo "2372"]
[BlackElo "2170"]

1.e4 c5 2.Nf3 d6 3.d4 cxd4 4.Nxd4 Nf6 5.Nc3 Nc6 6.Bg5 e6 7.Qd2 a6 8.O-O-O Qc7
9.f4 Be7 10.Bxf6 Bxf6 11.Nxc6 Qxc6 12.Qxd6 Qxd6 13.Rxd6 Bxc3 14.bxc3 Bd7
15.Be2 Bc6 16.Bf3 Rd8 17.Rhd1 Rxd6 18.Rxd6 Ke7 19.Rd4 f6 20.e5 Bxf3 21.gxf3 Rc8
22.Rb4 Rc7 23.Rb6 Kf7 24.Kd2 Kg6 25.Rxe6 Kf5 26.Re8 Kxf4 27.e6 Ke5 28.Kd3 Kd6
29.f4 g6 30.Kd4 b5 31.e7 Rc4+ 32.Kd3 Rxf4 33.Ra8 Kxe7 34.Rxa6 Rh4 35.Rb6 Rh3+
36.Kd4 Rxh2 37.Rxb5 Rxc2 38.a4 h5 39.a5 Ra2 40.Kc5 h4 41.Kb6 h3 42.Rb1 h2
43.Re1+ Kd6 44.Rd1+ Ke5 45.c4 g5 46.c5 g4 47.c6 g3 48.c7 Rc2  0-1

[Event "Groningen Open A"]
[Site "Groningen NED"]
[Date "2012.12.23"]
[Round "3.41"]
[White "Ootes,Le"]
[Black "Richters,M"]
[Result "0-1"]
[WhiteElo "2209"]
[BlackElo "2075"]

1.e4 c5 2.Nf3 d6 3.d4 cxd4 4.Nxd4 Nf6 5.Nc3 Nc6 6.Bg5 Qa5 7.Bb5 Bd7 8.Nb3 Qb6
9.Bxf6 gxf6 10.Nd5 Qd8 11.Qh5 e6 12.Ne3 Be7 13.O-O Qb6 14.Rad1 a6 15.Be2 Ne5
16.Kh1 Bc6 17.Nd4 Ng6 18.f4 Bxe4 19.f5 O-O-O 20.fxe6 fxe6 21.Nc4 Qc5 22.Qh3 Kb8
23.Nxe6 Qc8 24.Nb6 Qxc2 25.Nxd8 Qxe2 26.Rde1 Qc2 27.Rc1 Qd3 28.Nd7+ Ka7 29.Qxd3 Bxd3
30.Nf7 Ra8 31.Rfd1 Bf5 32.Rc7 Re8 33.h3 d5 34.Rxd5 Be6 35.Nd6 Bxd5 36.Nxe8 Nf4
37.Rc2 f5 38.Nef6 Bxa2 39.Nxh7 Bd5 40.Nhf6 Bc6 41.Kh2 Bd6 42.g3 Ne6 43.Rd2 Bb4
44.Rf2 Bd6 45.Rxf5 Nd4 46.Rf2 Nf3+ 47.Rxf3 Bxf3 48.h4 Bb4 49.g4 b5 50.g5 Bd2
51.g6 Bh6 52.Kg3 Be2 53.Ne8 a5 54.Ne5 b4 55.Kf2 Bd1 56.g7 Bb3 57.Nc6+ Kb6
58.Ne7 a4 59.g8=Q Bxg8 60.Nxg8 Bc1 61.Nd6 Kc5 62.Ne4+ Kc4 63.Ne7 a3 64.bxa3 bxa3
65.Nd5 a2 66.Nb6+ Kd4 67.Nc5 Kxc5 68.Na4+ Kb4  0-1

[Event "Groningen Open A"]
[Site "Groningen NED"]
[Date "2012.12.23"]
[Round "3.28"]
[White "Schiffer,KU"]
[Black "Van Osch,Mees"]
[Result "1-0"]
[WhiteElo "2300"]
[BlackElo "2090"]

1.e4 c5 2.Nf3 d6 3.d4 cxd4 4.Nxd4 Nf6 5.Nc3 Nc6 6.Bg5 Bd7 7.Qd2 Rc8 8.f4 Ng4
9.O-O-O Qb6 10.Nf5 Bxf5 11.exf5 Ne3 12.Nd5 Nxd5 13.Qxd5 Qc5 14.Qxc5 dxc5
15.Bc4 g6 16.f6 e6 17.Rhe1 Rd8 18.Bb5 h6 19.Bxc6+ bxc6 20.Bh4 Bd6 21.Bg3 O-O
22.Re3 Kh7 23.Red3 Bc7 24.Rd7 Bb6 25.h4 c4 26.b3 cxb3 27.cxb3 Kg8 28.Be1 Rxd7
29.Rxd7 Rd8 30.Rxd8+ Bxd8 31.Bc3 g5 32.h5 gxf4 33.Kd2 Bc7 34.Kd3 Kf8 35.Ke4 Ke8
36.Bd4 a6 37.Bc5 Bd8 38.Bd4 Bc7 39.Bc3 c5 40.Bb2 Kd7 41.Bc1 Kc6 42.Bd2 Bd6
43.Bc1 Bc7 44.Bd2 Bd6 45.Be1 Kd7 46.Bh4 e5 47.Kd5 e4 48.Kxe4 Ke6 49.a4 Be5
50.Bf2 Bd6 51.Bg1 Bf8 52.Bh2 Kxf6 53.Bxf4 Ke6 54.g4 f6 55.Be3 f5+ 56.gxf5+ Kf6
57.Bd2 Kf7 58.Be1 Be7 59.Bf2 Bf8 60.Kd5 Be7 61.Bxc5 Bg5 62.Bd4 Ke7 63.Kc6  1-0

[Event "2nd Erfurter WGM"]
[Site "Erfurt GER"]
[Date "2012.12.27"]
[Round "3.4"]
[White "Osmanodja,F"]
[Black "Ohme,M"]
[Result "1/2-1/2"]
[WhiteElo "2199"]
[BlackElo "2322"]

1.e4 c5 2.Nf3 d6 3.d4 cxd4 4.Nxd4 Nf6 5.Nc3 Nc6 6.Bg5 Qb6 7.Nb3 e6 8.Qd2 Be7
9.O-O-O O-O 10.f3 a6 11.g4 Rd8 12.Be3 Qc7 13.g5 Nd7 14.h4 b5 15.Kb1 b4 16.Ne2 d5
17.exd5 Nb6 18.Bxb6 Qxb6 19.Nf4 a5 20.Qe1 a4 21.dxc6 Rxd1+ 22.Qxd1 axb3 23.cxb3 Qxc6
24.Bd3 Qc7 25.Be4 Bb7 26.Bxb7 Qxb7 27.Ka1 Ra5 28.Nd3 Qa8 29.Nc1 Rf5 30.Rf1 Rf4
31.Qd7 Bf8 32.h5 Rxf3 33.Rd1 Qa5 34.g6 Qxh5 35.gxh7+ Qxh7 36.Qc8 g6 37.Rd8 Qh6
38.a4 bxa3 39.bxa3 Rf2 40.Kb1 Rd2 41.a4 Rxd8 42.Qxd8 Kh7 43.a5 Bg7 44.a6 Qh2
45.Nd3 Qg1+ 46.Kc2 Qg2+ 47.Kd1 Qf1+ 48.Kd2 Bh6+ 49.Kc2 Qe2+ 50.Kc3 Qd2+ 51.Kc4 Qa2
52.Nc5 Be3 53.Qh4+ Kg7 54.Nxe6+ fxe6 55.Qe7+ Kh6 56.Qh4+ Kg7 57.Qe7+ Kh6
58.Qh4+  1/2-1/2

[Event "36th Zurich Christmas Open"]
[Site "Zuerich SUI"]
[Date "2012.12.27"]
[Round "2.12"]
[White "Weindl,A"]
[Black "Fier,A"]
[Result "0-1"]
[WhiteElo "2295"]
[BlackElo "2567"]

1.e4 c5 2.Nf3 Nc6 3.d4 cxd4 4.Nxd4 Nf6 5.Nc3 d6 6.Bg5 e6 7.Qd2 a6 8.O-O-O Bd7
9.f4 h6 10.Bh4 g5 11.fxg5 Ng4 12.Nf3 hxg5 13.Bg3 Nce5 14.Be2 Nxf3 15.gxf3 Ne5
16.Kb1 Be7 17.h4 gxh4 18.f4 Ng6 19.f5 Ne5 20.Bxe5 dxe5 21.fxe6 Bxe6 22.Nd5 Bxd5
23.Qc3 Qc8 24.Qxe5 Bxa2+ 25.Ka1 f6 26.Qf4 Bf7 27.Rxh4 Rxh4 28.Qxh4 Qxc2 29.Qh8+ Bf8
30.Qxf6 Qa4+ 31.Kb1 Qa2+ 32.Kc1 Rc8+ 33.Kd2 Qe6  0-1